Statistics for Word Vocabulary - Z

Click here to take the quiz!

General Stats

  • This quiz has been taken 136 times
  • The average score is 10 of 18

Answer Stats

word% Correct
zoo
91%
zed / zee
85%
zap
84%
zip
83%
zag
79%
zit
73%
zig
71%
zoom
60%
zone
52%
zest
50%
zeal
47%
zing
44%
zilch
42%
zinc
38%
zax
33%
zonk
26%
zounds
10%
zoic
3%

Score Distribution

Percentile by Number Answered

Percent of People with Each Score

Your Score History

You have not taken this quiz